Statistiques concernant Pays visitant la Moldavie la plus

Cliquez ici pour prendre le quiz!

Statistiques générales

  • Ce quiz a été pris 142 fois
  • Le résultat moyen est 8 sur 10

Statistiques - réponses

VisiteursPays% Correct
9,054Russie
98%
13,503Ukraine
93%
23,884Roumanie
92%
1,882France
89%
3,964Allemagne
81%
4,677Italie
76%
2,154Pologne
72%
4,118Turquie
72%
3,877Royaume-Uni
69%
2,312États Unis
64%

Distribution des résultats

Percentile par nombre de réponses

% des personnes avec chaque résultat

Votre développement - résultats

Vous n’avez pas pris ce quiz